LDR 01132naa#a2200181#i#450# 001 RU\\bibl\123442 005 20260706023427.1 011 ## _a1994-4683 100 ## _a20230731b2023####ek#y0rusy0150####ca 102 ## _aRU 200 1# _aПСИХОЛОГО-ПЕДАГОГИЧЕСКАЯ ПОДГОТОВКА БАСКЕТБОЛИСТОВ _eЖурнальная статья 210 1# _aМосква _cНациональный государственный Университет физической культуры, спорта и здоровья им. П.Ф. Лесгафта _d2023 215 ## _a4 с. 608 ## _aЖурнальная статья _2local 675 ## _aПсихологические типы. Индивидуальная психология. Психология личности. Индивидуальность. Личность.Психология характера. Характерология. Идеосинкрозия. Типы личностей. 159.923 _z 700 #1 _aВитун _gЕлена Владимировна 700 #1 _aВитун _gВладимир Гаврилович 856 4# _auchzapiski.lesgaft.spb.ru _u